1965 1901 1057 1187 1556 1452 1386 1738 1288 1687 1679 1005 1569 1288 1931 1399 1898 1045 1181 1175 1077 1419 1505 1480 1333 1062 1878 1162 1837 1511 1972 1662 1210 1826 1941 1129 1629 1483 1705 1928 1129 1050 1056 1454 1663 1661 1875 1504 1030 1476 1330 1991 1153 1093 1436 1897 1009 1573 1158 1960 1992 1456 1944 1952 1288 1947 1032 1578 1409 1044 1692 1410 1887 1768 1009 1867 1348 1869 1281 1266 1247 1189 1149 1466 1438 1403 1450 1832 1797 1382 1327 1808 1571 1968 1496 1422 1446 1023 1378 BCNSPRNW ULIB Ver.6.0+V

เปลี่ยนเป็นภาษาไทย

Change to English
 แสดงรายละเอียดบรรณานุกรม
  กลับหน้าหลัก

Brief Record : Get Marc (ISO 2709) : E-mail record : QR code < ปิดหน้าต่าง
LEADER : 00000nam 2200000uu 4500
001    13399123907
003     ULIB
008    141214s2556||||th 000 0 tha d
020    ^a9786165154000
060 04 ^aWH600^bห177ถ
100 0  ^aหมอไพร
245 10 ^aถนอมม้าม ยับยั้งสารพัดโรค /^cหมอไพร
250    ^aพิมพ์ครั้งที่ 1
260    ^aกรุงเทพฯ :^bเนชั่น อินเตอร์เนชั่นแนล เอ็ดดูเทนเมนท์,^c2556
300    ^a193 หน้า :^bภาพประกอบ ;^c21 ซม.
505 0  ^a^tรู้จักกระเพาะและม้าม - -^tสาเหตุที่ทำให้กระเพาะม้ามเกิดโรค - -^tม้ามเสื่อมก่อโรค - -^tประตูทวารของม้ามคือปาก - -^tโรคที่เกิดจากกระเพาะอาหาร - -^tแนวทางในการรักษาและสมุนไพรช่วยรักษาโรคกระเพาะม้าม
650  4 ^aการแพทย์แผนโบราณ^zจีน
650  4 ^aม้าม^xการดูแลและสุขวิทยา
650  4 ^aม้าม^xโรค^xการรักษา
700 0  ^aจิราวรรณ นันทพงศ์,^eบรรณาธิการ
945    ^p175^l0^i22589
945    ^p175^l0^i22590
999    ^aทศพร เกษรทอง
รายการนี้ยังไม่มีแท็ก
คุณยังไม่ได้ล็อกอิน คุณสามารถมีกิจกรรมร่วมกับเว็บไซต์ได้ แต่ต้องล็อกอินก่อน ::
  ล็อกอิน

รายการสื่อสารสนเทศ

ลำดับที่ ประเภท เลขเรียก/บาร์โค้ด สถานที่ สถานะ
1. วิทยาศาสตร์การแพทย์ และสุขภาพ
วิทยาศาสตร์การแพทย์ และสุขภาพ
สถานะ=หนังสือเก่า
WH600 ห177ถ ฉ.1 
  Barcode: 22589
ห้องสมุดวิทยาเขตนครสวรรค์
►ส่วนจัดเก็บหนังสือเก่า นว.
บนชั้น
  ขอยืม
2. วิทยาศาสตร์การแพทย์ และสุขภาพ
วิทยาศาสตร์การแพทย์ และสุขภาพ
สถานะ=หนังสือเก่า
WH600 ห177ถ ฉ.2 
  Barcode: 22590
ห้องสมุดวิทยาเขตนครสวรรค์
►ส่วนจัดเก็บหนังสือเก่า นว.
บนชั้น
  ขอยืม

รายการใกล้เคียง
    ผู้แต่ง [หมอไพร]

BibComment


ยังไม่เคยถูกคอมเมนท์

คอมเมนท์ทรัพยากรรายการนี้
  คอมเมนท์: ถนอมม้าม ยับยั้ง..


 Copyright 2026. Bcnsprnw @Library